000 00382nam a2200145 a 4500
001 4144
005 20140414131846.0
008 090317s19uu xx 00 eng d
020 _a1-59394-738-0
050 _aM 220.9
_bJ69 2005
245 _aJonah :
_bboard book.
260 _aChina :
_bBendon Publishing International,
_c2005.
650 _aBible Character, O.T.
999 _c109941
_d109941